Délmagyarország. - 1917. március 9., Péntek
Elmentve itt :
| Dokumentumtípus: | Újság |
|---|---|
| Megjelent: |
1917-03-09
|
| Sorozat: | Délmagyarország
6 No. 57 |
| Online Access: | http://dmarchiv.bibl.u-szeged.hu/2444 |
| LEADER | 00485nas a2200145 i 4500 | ||
|---|---|---|---|
| 001 | delm2444 | ||
| 005 | 20200414150159.0 | ||
| 008 | 171213s1917 hu n o 0|| hun d | ||
| 022 | |a 0133-025X | ||
| 040 | |a SZTE Délmagyarország Archívum |b hun | ||
| 041 | |a hun | ||
| 245 | 0 | 0 | |a Délmagyarország. - 1917. március 9., Péntek |h [elektronikus dokumentum] |
| 260 | |c 1917-03-09 | ||
| 490 | 0 | |a Délmagyarország |v 6 No. 57 | |
| 856 | 4 | 0 | |u http://dmarchiv.bibl.u-szeged.hu/2444/1/dm_1917_057.pdf |z Dokumentum-elérés |